| 000 | 00337nam a22001457a 4500 | ||
|---|---|---|---|
| 003 | SGT | ||
| 082 |
_a618.92 _bP16P |
||
| 100 | _aPIZZO, PHILIP A. | ||
| 245 | _aPRINCIPLES AND PRACTICE OF PEDIATRIC ONCOLOGY | ||
| 250 | _a7TH | ||
| 260 |
_aPHILADELPHIA _bWOLTER _c2016 |
||
| 300 | _a1296 | ||
| 650 | _aPEDIATRIC | ||
| 942 |
_2ddc _cBK _01 |
||
| 999 |
_c10573 _d10573 |
||